LIBRARY ONLINE CATALOGUE

Marketing research. (Record no. 534)

MARC details
000 -LEADER
fixed length control field 00609cam a22002172 4500
001 - CONTROL NUMBER
control field 0000004383
005 - DATE AND TIME OF LATEST TRANSACTION
control field 20151021151103.0
008 - FIXED-LENGTH DATA ELEMENTS--GENERAL INFORMATION
fixed length control field 070522s xx 000 0 eng d
020 ## - INTERNATIONAL STANDARD BOOK NUMBER
International Standard Book Number 0074635352 :
Terms of availability KES 665
040 ## - CATALOGING SOURCE
Original cataloging agency KABU
Transcribing agency KABU
050 #0 - LIBRARY OF CONGRESS CALL NUMBER
Classification number HF5415.2
Item number .B47 2000
100 1# - MAIN ENTRY--PERSONAL NAME
Personal name Beri, G. C.
-- 0000160943
245 10 - TITLE STATEMENT
Title Marketing research.
250 ## - EDITION STATEMENT
Edition statement 3rd ed.
260 ## - PUBLICATION, DISTRIBUTION, ETC. (IMPRINT)
Place of publication, distribution, etc. New Delhi :
Name of publisher, distributor, etc. Tata McGraw-Hill,
Date of publication, distribution, etc. 2000.
300 ## - PHYSICAL DESCRIPTION
Extent xv, 474 p ;
Dimensions cm.
650 #0 - SUBJECT ADDED ENTRY--TOPICAL TERM
Topical term or geographic name as entry element Marketing research.
-- 0000151518
908 ## - PUT COMMAND PARAMETER (RLIN)
Put command parameter 070522
950 ## - LOCAL HOLDINGS (RLIN)
-- 1
Holdings
Withdrawn status Lost status Source of classification or shelving scheme Not for loan Home library Current library Date acquired Total Checkouts Total Renewals Full call number Barcode Date last seen Date last checked out Price effective from Koha item type
    Library of Congress Classification   Kabarak, Main Campus Kabarak, Main Campus 17/12/2015     HF5415.2 .B47 2000 002431 17/12/2015   17/12/2015 General Collection
    Library of Congress Classification   Kabarak, Nakuru City Campus Kabarak, Nakuru City Campus 21/10/2015 2 1 HF5415.2 .B47 2000 19410 16/06/2017 30/05/2017 21/10/2015 General Collection